Elementi del Quinto periodo - Statistics

Statistiche generali
  • Questo quiz è stato fatto 27 volte
  • Il punteggio medio è 15 su 18
Statistiche sulle risposte
Z Simbolo Elemento % Corretto
47 Ag Argento
100%
54 Xe Xeno
100%
38 Sr Stronzio
95%
53 I Iodio
90%
39 Y Ittrio
90%
37 Rb Rubidio
90%
48 Cd Cadmio
86%
49 In Indio
86%
52 Te Tellurio
86%
46 Pd Palladio
81%
50 Sn Stagno
81%
40 Zr Zirconio
81%
42 Mo Molibdeno
71%
45 Rh Rodio
71%
44 Ru Rutenio
67%
51 Sb Antimonio
62%
41 Nb Niobio
57%
43 Tc Tecnezio
57%
Nessun quiz corrispondente trovato
Distribuzione punteggi
Percentuale di utenti per punteggio
Percentile per numero di risposta
I tuoi punteggi nel tempo
Non hai fatto questo quiz